[Event "Tatry op"]
[Site "Tatranske Zruby"]
[Date "2019.10.02"]
[Round "6"]
[White "Bednar, Jan"]
[Black "Dobrowolski, Henryk"]
[Result "1-0"]
[WhiteElo "2034"]
[BlackElo "1523"]
[PlyCount "61"]
[EventDate "2019.09.28"]
[EventType "swiss"]
[EventRounds "9"]
[EventCountry "SVK"]
[SourceTitle "EXT 2020"]
[Source "ChessBase"]
[SourceDate "2019.10.17"]
[SourceVersion "1"]
[SourceVersionDate "2019.10.17"]
[SourceQuality "1"]

1. c4 b6 2. Nf3 Bb7 3. Nc3 d6 4. g3 e5 5. Bg2 Nd7 6. 0-0 Ngf6 7. d4 Be7 8. Re1 0-0 9. b3 Re8 10. Bb2 h6 11. Rc1 exd4 12. Qxd4 Bf8 13. Nd5 Bxd5 14. cxd5 g6 15. Qc4 Re7 16. Nd4 Ne5 17. Qc3 c5 18. Nc6 Qc7 19. Nxe7+ Qxe7 20. e4 Bg7 21. f4 Ned7 22. e5 Nh5 23. Qd2 Bf8 24. e6 Ndf6 25. exf7+ Qxf7 26. Bh3 Ng7 27. Re6 Be7 28. Rce1 Re8 29. Bxf6 Bxf6 30. Rxe8+ Kh7 31. R8e4 1-0

[Event "Tatry op"]
[Site "Tatranske Zruby"]
[Date "2011.10.02"]
[Round "9"]
[White "Dobrowolski, Henryk"]
[Black "Vavra, Radim"]
[Result "0-1"]
[WhiteElo "1876"]
[BlackElo "2045"]
[PlyCount "58"]
[EventDate "2011.09.25"]
[EventType "swiss"]
[EventRounds "9"]
[EventCountry "SVK"]
[SourceTitle "CBM 144 Extra"]
[Source "ChessBase"]
[SourceDate "2011.10.28"]
[SourceVersion "1"]
[SourceVersionDate "2011.10.28"]
[SourceQuality "1"]

1. d4 Nf6 2. c4 g6 3. Nc3 Bg7 4. e4 0-0 5. Nf3 d6 6. Bd3 e5 7. d5 a5 8. Bg5 h6 9. Bh4 Na6 10. a3 Qe8 11. Qd2 Bd7 12. b3 Nh5 13. Bg3 f5 14. h3 Nc5 15. Qc2 Nf4 16. Bxf4 exf4 17. e5 dxe5 18. Be2 e4 19. Nd2 Qe5 20. Ndb1 f3 21. Bf1 Nd3+ 22. Kd1 Qd4 23. Bxd3 exd3 24. Qd2 Rae8 25. Ra2 Rf7 26. gxf3 Rfe7 27. Qc1 Kh7 28. f4 Re4 29. Nxe4 Qxe4 0-1

[Event "Tatry op"]
[Site "Tatranske Zruby"]
[Date "2010.10.04"]
[Round "3"]
[White "Krca, Milan"]
[Black "Dobrowolski, Henryk"]
[Result "0-1"]
[WhiteElo "2025"]
[BlackElo "1871"]
[PlyCount "72"]
[EventDate "2010.10.02"]
[EventType "swiss"]
[EventRounds "9"]
[EventCountry "SVK"]
[SourceTitle "CBM 138 Extra"]
[Source "ChessBase"]
[SourceDate "2010.10.29"]
[SourceVersion "1"]
[SourceVersionDate "2010.10.29"]
[SourceQuality "1"]

1. e4 Nf6 2. e5 Nd5 3. d4 d6 4. Nf3 e6 5. c4 Nb6 6. exd6 cxd6 7. Be2 Be7 8. 0-0 0-0 9. b3 Bf6 10. Nbd2 d5 11. Bb2 Nc6 12. Re1 Ne7 13. Ne5 g6 14. f4 Bg7 15. c5 Nd7 16. Ndf3 Nf6 17. b4 a6 18. a4 Ne4 19. Qb3 Qc7 20. b5 axb5 21. axb5 Rxa1 22. Rxa1 f6 23. Nd3 Bh6 24. Ra8 Bxf4 25. b6 Be3+ 26. Kf1 Qd7 27. Nde5 fxe5 28. Qxe3 Nf5 29. Qd3 exd4 30. Kg1 Nxc5 31. Qc2 d3 32. Bxd3 Nxd3 33. Qxd3 Qc6 34. Qb3 Qc5+ 35. Kh1 Nh4 36. Bd4 Qxd4 0-1

[Event "Gdansk op 12th "]
[Site "Gdansk"]
[Date "2010.07.20"]
[Round "5"]
[White "Janik, Igor"]
[Black "Dobrowolski, Henryk"]
[Result "1-0"]
[WhiteElo "1586"]
[BlackElo "1883"]
[PlyCount "85"]
[EventDate "2010.07.17"]
[EventType "swiss"]
[EventRounds "9"]
[EventCountry "POL"]
[SourceTitle "EXT 2011"]
[Source "ChessBase"]
[SourceDate "2010.11.26"]
[SourceVersion "1"]
[SourceVersionDate "2010.11.26"]
[SourceQuality "1"]

1. e4 Nf6 2. e5 Nd5 3. Nc3 Nb6 4. Nf3 d5 5. d4 Bg4 6. h3 Bh5 7. g4 Bg6 8. Bd3 e6 9. Ne2 Nc6 10. c3 Be7 11. Ng3 Qd7 12. a4 a6 13. Be3 Na5 14. 0-0 Nac4 15. Bxg6 hxg6 16. b3 Nxe3 17. fxe3 Rxh3 18. Kg2 Rh8 19. a5 Nc8 20. Rh1 Rg8 21. Qg1 Na7 22. Qh2 0-0-0 23. Qg1 Rh8 24. Qf2 f5 25. g5 Rdf8 26. Ne2 Bd8 27. Nf4 Qf7 28. Rxh8 Rxh8 29. Rh1 Rxh1 30. Kxh1 Nb5 31. Qb2 c6 32. c4 Nc7 33. Qh2 dxc4 34. bxc4 Ne8 35. Qd2 Qg8 36. Kg2 Qf7 37. Qc3 Nc7 38. Kf2 Qe8 39. Ke2 Be7 40. Qb3 Qd8 41. Qb6 Bxg5 42. Nxg5 Qxg5 43. Qxc7+ 1-0

[Event "Tatry op"]
[Site "Tatranske Zruby"]
[Date "2009.09.28"]
[Round "2"]
[White "Ducay, Miroslav"]
[Black "Dobrowolski, Henryk"]
[Result "1-0"]
[WhiteElo "2034"]
[BlackElo "1910"]
[PlyCount "89"]
[EventDate "2009.09.27"]
[EventType "swiss"]
[EventRounds "9"]
[EventCountry "SVK"]
[SourceTitle "EXT 2011"]
[Source "ChessBase"]
[SourceDate "2010.11.26"]
[SourceVersion "1"]
[SourceVersionDate "2010.11.26"]
[SourceQuality "1"]

1. e4 b6 2. d4 Bb7 3. Nc3 e6 4. Nf3 Bb4 5. Bd3 Nf6 6. Qe2 0-0 7. Bg5 h6 8. Bh4 Be7 9. 0-0-0 a5 10. a3 c5 11. e5 Nh7 12. Bxe7 Qxe7 13. Nb5 Ng5 14. h4 Nh7 15. Nd6 Bc6 16. Rh2 f5 17. Kb1 h5 18. Bc4 g6 19. dxc5 bxc5 20. Qe3 Na6 21. Bb5 Bxb5 22. Nxb5 Rfb8 23. c4 Rb6 24. Qd2 Nb8 25. Rh3 Nf8 26. Rg3 Nc6 27. Ka1 a4 28. Qd6 Kf7 29. Ng5+ Ke8 30. f4 Qxd6 31. Rxd6 Rab8 32. Rgd3 Na5 33. Rxb6 Rxb6 34. Nc3 Rb3 35. Rd1 Nxc4 36. Nxa4 Rg3 37. Nxc5 Rxg2 38. Nd3 Ne3 39. Rc1 Rd2 40. Nc5 Nc2+ 41. Kb1 Nd4 42. Nb7 d5 43. exd6 e5 44. Rc8+ Kd7 45. Rc7+ 1-0

[Event "Gdansk op"]
[Site "Gdansk"]
[Date "2009.07.21"]
[Round "5"]
[White "Dobrowolski, Henryk"]
[Black "Strzelczyk, Anna"]
[Result "0-1"]
[WhiteElo "1935"]
[BlackElo "1842"]
[PlyCount "58"]
[EventDate "2009.07.19"]
[EventType "swiss"]
[EventRounds "9"]
[EventCountry "POL"]
[SourceTitle "CBM 131 Extra"]
[Source "ChessBase"]
[SourceDate "2009.09.03"]
[SourceVersion "2"]
[SourceVersionDate "2009.09.16"]
[SourceQuality "1"]

1. d4 d5 2. c4 e6 3. Nc3 Nf6 4. Nf3 Be7 5. cxd5 exd5 6. e3 0-0 7. Bd3 b6 8. 0-0 Bb7 9. Bd2 Nbd7 10. Rc1 c5 11. Bb1 Rc8 12. Ng5 h6 13. Nh3 Ne4 14. f3 Nxd2 15. Qxd2 Nf6 16. g4 Re8 17. g5 hxg5 18. Nxg5 Ne4 19. Ngxe4 dxe4 20. fxe4 cxd4 21. exd4 Bg5 22. Qf2 Bxc1 23. Qxf7+ Kh8 24. Qxb7 Bxb2 25. Nd5 Bxd4+ 26. Kh1 Rf8 27. Rd1 Qg5 28. Qd7 Qh5 29. Re1 Qf3# 0-1

[Event "Gdansk op"]
[Site "Gdansk"]
[Date "2009.07.20"]
[Round "3"]
[White "Dobrowolski, Henryk"]
[Black "Golinski, Damian"]
[Result "0-1"]
[WhiteElo "1935"]
[BlackElo "1873"]
[PlyCount "104"]
[EventDate "2009.07.19"]
[EventType "swiss"]
[EventRounds "9"]
[EventCountry "POL"]
[SourceTitle "CBM 131 Extra"]
[Source "ChessBase"]
[SourceDate "2009.09.03"]
[SourceVersion "2"]
[SourceVersionDate "2009.09.16"]
[SourceQuality "1"]

1. d4 d5 2. c4 dxc4 3. Nc3 Nf6 4. e4 e6 5. Bxc4 a6 6. Nf3 b5 7. Bd3 Bb7 8. a3 Nbd7 9. 0-0 c5 10. d5 exd5 11. exd5 Nxd5 12. Re1+ Be7 13. Ne4 0-0 14. Nfg5 h6 15. h4 N7f6 16. Qf3 Nxe4 17. Bxe4 hxg5 18. Rd1 g4 19. Qf5 g6 20. Qxg4 Qc8 21. Qf3 Rd8 22. Rxd5 Bxd5 23. Bxd5 Rxd5 24. Qxd5 Qd8 25. Qxd8+ Rxd8 26. Bg5 Bxg5 27. hxg5 Rd2 28. b3 Rb2 29. b4 c4 30. g3 Kf8 31. Kg2 Ke7 32. Kf3 Ke6 33. g4 Ke5 34. Re1+ Kd6 35. Ra1 Kd5 36. Rd1+ Kc6 37. Ra1 Kb6 38. Ke3 a5 39. bxa5+ Kxa5 40. f4 Rb3+ 41. Ke4 Rg3 42. Ke5 Rxg4 43. Rf1 Ka4 44. Rf3 Rh4 45. Kf6 Rh7 46. Ke5 b4 47. axb4 Kxb4 48. Kd4 Rh8 49. Ke5 Rd8 50. Kf6 Rd7 51. Rh3 c3 52. Rh2 Kb3 0-1

[Event "Pomorza-ch Seniors"]
[Site "Gdansk"]
[Date "2007.11.18"]
[Round "6.6"]
[White "Dobrowolski, Henryk"]
[Black "Krzywkowski, Marcin"]
[Result "1/2-1/2"]
[WhiteElo "1974"]
[BlackElo "1874"]
[PlyCount "20"]
[EventDate "2007.11.10"]
[EventType "swiss"]
[EventRounds "9"]
[EventCountry "POL"]
[SourceTitle "EXT 2023"]
[Source "ChessBase"]
[SourceDate "2022.10.05"]
[SourceVersion "1"]
[SourceVersionDate "2022.10.05"]
[SourceQuality "1"]

1. d4 d5 2. c4 e6 3. Nc3 Nf6 4. e3 c6 5. Nf3 Nbd7 6. b3 Bd6 7. c5 Bc7 8. Bb2 e5 9. b4 a5 10. a3 axb4 1/2-1/2

[Event "Pomorza-ch Seniors"]
[Site "Gdansk"]
[Date "2007.11.17"]
[Round "4.10"]
[White "Dobrowolski, Henryk"]
[Black "Ciszewski, Roman"]
[Result "1-0"]
[WhiteElo "1974"]
[BlackElo "2000"]
[PlyCount "83"]
[EventDate "2007.11.10"]
[EventType "swiss"]
[EventRounds "9"]
[EventCountry "POL"]
[SourceTitle "EXT 2023"]
[Source "ChessBase"]
[SourceDate "2022.10.05"]
[SourceVersion "1"]
[SourceVersionDate "2022.10.05"]
[SourceQuality "1"]

1. d4 d5 2. c4 e6 3. Nc3 Nf6 4. Nf3 Be7 5. e3 Nbd7 6. cxd5 exd5 7. Bd3 b6 8. 0-0 Bb7 9. Bd2 Rc8 10. Rc1 a6 11. Bb1 c5 12. Re1 c4 13. a3 0-0 14. Ne2 Re8 15. Ne5 Bd6 16. f4 Bf8 17. Bf5 Rc7 18. Ng3 g6 19. Bb1 a5 20. Bc3 Bd6 21. Qf3 Nf8 22. Rf1 Bc8 23. h3 Ne6 24. Ne2 Ng7 25. g4 Bb7 26. Be1 Qc8 27. Ng3 a4 28. Bc2 b5 29. Bc3 Qa8 30. h4 Ne4 31. g5 Nxc3 32. bxc3 Bxa3 33. Rb1 Qa6 34. Ng4 Be7 35. Nh6+ Kf8 36. f5 gxf5 37. Ngxf5 Bd8 38. Nd6 Ree7 39. Ndxf7 Ke8 40. Ne5 Ne6 41. Qh5+ Rf7 42. Rxf7 1-0

[Event "Pomorza-ch Seniors"]
[Site "Gdansk"]
[Date "2007.11.17"]
[Round "5.9"]
[White "Grzenkowicz, Gerard"]
[Black "Dobrowolski, Henryk"]
[Result "0-1"]
[WhiteElo "2000"]
[BlackElo "1974"]
[PlyCount "43"]
[EventDate "2007.11.10"]
[EventType "swiss"]
[EventRounds "9"]
[EventCountry "POL"]
[SourceTitle "EXT 2023"]
[Source "ChessBase"]
[SourceDate "2022.10.05"]
[SourceVersion "1"]
[SourceVersionDate "2022.10.05"]
[SourceQuality "1"]

1. d4 d5 2. f4 Nf6 3. e3 Nc6 4. Be2 e6 5. Nf3 Be7 6. 0-0 0-0 7. c3 g6 8. Nbd2 Nb8 9. Bd3 c5 10. e4 dxe4 11. Nxe4 Nc6 12. Bc2 Qb6 13. Kh1 Rd8 14. Qd3 Ne8 15. a3 Ng7 16. b4 Nf5 17. Be3 Bf8 18. Bg1 Bg7 19. Nxc5 Qc7 20. g3 b6 21. Nb3 Bb7 22. Qe2 0-1

[Event "Gdansk-ch"]
[Site "Gdansk"]
[Date "2007.07.28"]
[Round "8"]
[White "Kobus, Sebastian"]
[Black "Dobrowolski, Henryk"]
[Result "1-0"]
[WhiteElo "1706"]
[BlackElo "1999"]
[PlyCount "57"]
[EventDate "2007.07.22"]
[EventType "swiss"]
[EventRounds "9"]
[EventCountry "POL"]
[SourceTitle "CBM 119 Extra"]
[Source "ChessBase"]
[SourceDate "2007.09.04"]
[SourceVersion "1"]
[SourceVersionDate "2007.09.04"]
[SourceQuality "1"]

1. e4 Nf6 2. e5 Nd5 3. c4 Nb6 4. d4 d6 5. f4 dxe5 6. fxe5 e6 7. Nf3 Be7 8. Be2 0-0 9. 0-0 c5 10. Be3 Qc7 11. d5 exd5 12. cxd5 Bd8 13. Nc3 a6 14. Bd3 Bg4 15. Qc2 h6 16. Bf4 N8d7 17. Rae1 c4 18. Be4 Bxf3 19. Rxf3 Kh8 20. Bf5 Qc5+ 21. Be3 Qe7 22. Bd4 Qg5 23. Rg3 Qh5 24. e6 Bf6 25. Be3 Bh4 26. Rh3 g6 27. g4 gxf5 28. gxh5 Bxe1 29. exd7 1-0

[Event "Gdansk-ch"]
[Site "Gdansk"]
[Date "2007.07.24"]
[Round "4"]
[White "Krzywkowski, Marcin"]
[Black "Dobrowolski, Henryk"]
[Result "1-0"]
[WhiteElo "1861"]
[BlackElo "1999"]
[PlyCount "99"]
[EventDate "2007.07.22"]
[EventType "swiss"]
[EventRounds "9"]
[EventCountry "POL"]
[SourceTitle "CBM 119 Extra"]
[Source "ChessBase"]
[SourceDate "2007.09.04"]
[SourceVersion "1"]
[SourceVersionDate "2007.09.04"]
[SourceQuality "1"]

1. e4 Nf6 2. e5 Nd5 3. d4 d6 4. c4 Nb6 5. exd6 exd6 6. Nc3 g6 7. Be3 Bg7 8. Rc1 0-0 9. b3 Nc6 10. Be2 Ne7 11. Nf3 Nd7 12. 0-0 b6 13. Qd2 Nf5 14. Bg5 f6 15. Bf4 g5 16. Bd3 Ne7 17. Be3 Bb7 18. d5 Ne5 19. Nd4 Bc8 20. Be2 a6 21. f4 gxf4 22. Bxf4 N7g6 23. Bh6 f5 24. Bxg7 Kxg7 25. g3 Rf6 26. Nd1 Bd7 27. Kh1 Qe7 28. Ne3 Raf8 29. Rce1 f4 30. Ng4 Nxg4 31. Bxg4 Bxg4 32. Rxe7+ Nxe7 33. Rxf4 Rxf4 34. gxf4 Rf6 35. Qg2 Rg6 36. Qe4 Kf6 37. Ne6 c5 38. Nf8 Rg7 39. Nxh7+ Kf7 40. Ng5+ Kf6 41. Qg2 Bf5 42. Ne4+ Bxe4 43. Qxe4 Rf7 44. Qe6+ Kg7 45. Qxd6 Ng6 46. Qxb6 Nxf4 47. Qxc5 Kg6 48. d6 Kf6 49. Qd4+ Kf5 50. d7 1-0

[Event "Gdansk-ch"]
[Site "Gdansk"]
[Date "2007.07.22"]
[Round "1"]
[White "Dobrowolski, Henryk"]
[Black "Kazakov, Mikhail"]
[Result "0-1"]
[WhiteElo "1999"]
[BlackElo "2423"]
[PlyCount "95"]
[EventDate "2007.07.22"]
[EventType "swiss"]
[EventRounds "9"]
[EventCountry "POL"]
[SourceTitle "CBM 119 Extra"]
[Source "ChessBase"]
[SourceDate "2007.09.04"]
[SourceVersion "1"]
[SourceVersionDate "2007.09.04"]
[SourceQuality "1"]

1. d4 Nf6 2. c4 g6 3. Nc3 d5 4. Nf3 Bg7 5. e3 0-0 6. cxd5 Nxd5 7. Bc4 Nxc3 8. bxc3 c5 9. 0-0 Nc6 10. Ba3 cxd4 11. cxd4 Qa5 12. Qb3 Bg4 13. Be2 Be6 14. Qxb7 Nxd4 15. Nxd4 Qxa3 16. Qe4 Bd7 17. Bc4 e6 18. Rab1 Rac8 19. Bb3 a5 20. Qb7 Rfd8 21. Nb5 Qc5 22. a4 Bc6 23. Qa7 Bxb5 24. Qxc5 Rxc5 25. axb5 Rxb5 26. Ba4 Rb4 27. Rxb4 axb4 28. Rb1 Bf8 29. Kf1 Ra8 30. Bb3 Rc8 31. Ke2 h5 32. Bd1 Kg7 33. g3 h4 34. g4 h3 35. Rb3 Bd6 36. e4 Rh8 37. Ke3 g5 38. Bf3 Rb8 39. Be2 Bxh2 40. Bf1 Bf4+ 41. Kd4 h2 42. Bg2 Rd8+ 43. Kc4 Rd1 44. Rh3 Rg1 45. Bf3 Bd6 46. e5 Rc1+ 47. Kb5 Bxe5 48. Kxb4 0-1